The Cambridge shorter history of India / (Record no. 25358)
[ view plain ]
| 000 -LEADER | |
|---|---|
| fixed length control field | 00976nam a22002771 4500 |
| 001 - CONTROL NUMBER | |
| control field | 25358 |
| 003 - CONTROL NUMBER IDENTIFIER | |
| rucl marc code | BD-RjUL |
| 005 - DATE AND TIME OF LATEST TRANSACTION | |
| control field | 20211209050852.0 |
| 008 - FIXED-LENGTH DATA ELEMENTS--GENERAL INFORMATION | |
| fixed length control field | 140318s1958 ii b b 001 0 eng d |
| 035 ## - SYSTEM CONTROL NUMBER | |
| System control number | (BD-RjUL) 25428 |
| System control number | (OCoLC)936317 |
| 040 ## - CATALOGING SOURCE | |
| Original cataloging agency | DLC |
| Transcribing agency | OTU |
| Modifying agency | OCoLC |
| -- | DLC |
| -- | BD-RjUL |
| Language of cataloging | eng |
| 041 ## - LANGUAGE CODE | |
| Language code of text/sound track or separate title | eng |
| 082 00 - DEWEY DECIMAL CLASSIFICATION NUMBER | |
| Classification number | 954 |
| Author mark and year | ALC Pt - 1958 |
| 100 1# - MAIN ENTRY--PERSONAL NAME | |
| Personal name | Allan, John, |
| Dates associated with a name | 1884-1955. |
| 9 (RLIN) | 77972 |
| 245 14 - TITLE STATEMENT | |
| Title | The Cambridge shorter history of India / |
| Statement of responsibility, etc. | by J. Allan, Sir T. Wolseley Haig [and] H.H. Dodwell. Edited by H.H. Dodwell. With additional chapters on The last phase, 1919-1947 by R.R. Sethi. |
| Number of part/section of a work | Part II |
| 260 ## - PUBLICATION, DISTRIBUTION, ETC. (IMPRINT) | |
| Place of publication, distribution, etc. | Delhi : |
| Name of publisher, distributor, etc. | S. Chand, |
| Date of publication, distribution, etc. | 1958. |
| 300 ## - PHYSICAL DESCRIPTION | |
| Pagination | xv, 373p. : |
| Size | 23cm. |
| 504 ## - BIBLIOGRAPHY, ETC. NOTE | |
| Bibliography, etc | Includes Index |
| 651 #0 - SUBJECT ADDED ENTRY--GEOGRAPHIC NAME | |
| Geographic name | India |
| General subdivision | History. |
| 9 (RLIN) | 77973 |
| 700 1# - ADDED ENTRY--PERSONAL NAME | |
| Personal name | Haig, Wolseley, |
| Dates associated with a name | 1865-1938, |
| Relator term | joint author. |
| Personal name | Dodwell, Henry, |
| Dates associated with a name | 1879-1946, |
| Relator term | joint author. |
| 942 ## - ADDED ENTRY ELEMENTS (KOHA) | |
| Source of classification or shelving scheme | Dewey Decimal Classification |
| Koha item type | Books |
| Lost status | Source of classification or shelving scheme | Damaged status | Not for loan | Collection code | Permanent Location | Current Location | Shelving location | Date acquired | Source of acquisition | Cost, normal purchase price | Total Checkouts | Full call number | Date last seen | Copy number | Koha item type |
|---|---|---|---|---|---|---|---|---|---|---|---|---|---|---|---|
| Dewey Decimal Classification | Non-fiction | Central Library, University of Rajshahi | Central Library, University of Rajshahi | Reading Room | 30/10/1962 | Nure Sons | 6.72 | 954 ALC Pt -2 1958 | 18/03/2014 | C-2 | Books | ||||
| Dewey Decimal Classification | Added to bundle | Non-fiction | Central Library, University of Rajshahi | Central Library, University of Rajshahi | Reading Room | 30/10/1962 | Nure Sons | 6.72 | 954 ALC Pt - 1958 | 18/03/2014 | C-1 | Books |